| 000 | 01198nas a2200373 4500 | ||
|---|---|---|---|
| 001 | BR2012006269 | ||
| 003 | BR-BrBNA | ||
| 005 | 20231205121024.0 | ||
| 007 | ta | ||
| 008 | 230509b bl.|||p| |||| 00| 00por d | ||
| 040 |
_aBR-BrBNA _bpor _cBiblioteca Nacional de Agricultura |
||
| 041 | _a(En) | ||
| 072 | _aF30; H20 | ||
| 100 | 1 | _aZandoná, C. | |
| 100 | 1 | _aNovaes, T.G. | |
| 100 | 1 | _aNunes, M.P. | |
| 100 | 1 | _aAlmeida, W.P. | |
| 100 | 1 | _aAguiar, P.H. | |
| 100 | 1 | _aMorello, C.L. | |
| 100 | 1 | _aShuster, I. | |
| 100 | 1 | _aMehta, Y.R. | |
| 245 | 1 | _aMechanism of resistance and presence of different resistance genes to Ramularia areola in two cotton genotypes | |
| 246 | 1 | _aMechanism of resistance and presence of different resistance genes to Ramularia areola in two cotton genotypes | |
| 650 | _aDOENÇA DE PLANTA | ||
| 650 | _aMANCHA AUREOLADA | ||
| 650 | _aDOENÇA FÚNGICA | ||
| 650 | _aFUNGO | ||
| 650 | _aRESISTÊNCIA | ||
| 650 | _aALGODÃO | ||
| 650 | _aGOSSYPIUM HIRSUTUM | ||
| 773 | 0 |
_tTropical Plant Pathology (Brazil) _xISSN 1982-5676 _g(May-Jun 2012), v. 37(3) p. 175-178 _wBR2012006269 |
|
| 909 |
_a202311 _bLúcia _c55 _dLúcia Elande |
||
| 942 |
_2AGRIS _n0 _cANA |
||
| 999 |
_c221501 _d221501 |
||